Diccionario de bibliología y ciencias afines.

Salvato in:
Dettagli Bibliografici
Autore principale: Martínez de Sousa, José (autor)
Natura: Libro
Lingua:inglese
Pubblicazione: Gijón (Asturias), España: Ediciones Trea, S.L., 2004.
Edizione:Tercera edición, corregida y notablemente aumentada.
Serie:Biblioteconomía y administración cultural, 100.
Soggetti:
Tags: Aggiungi Tag
Nessun Tag, puoi essere il primo ad aggiungerne!!

MARC

LEADER 00000nam a22000007a 4500
003 CL-VaPUC
005 20220822114504.0
008 220614b2004 ||||| |||| 00| 0 eng d
999 |c 436015  |d 436013 
020 |a 84-9704-082-1 
040 |c Pontificia Universidad Católica de Valparaíso 
082 7 |a 002.03 MAR 2004  |2 22 
100 |a Martínez de Sousa, José  |9 562458  |e autor 
245 |a Diccionario de bibliología y ciencias afines. 
250 |a Tercera edición, corregida y notablemente aumentada.  
260 |a Gijón (Asturias), España:  |b Ediciones Trea, S.L.,   |c 2004. 
300 |a 1048 páginas.  
490 |a Biblioteconomía y administración cultural,  |v 100. 
500 |a c.1 Donación Familia Prof. Alejandro Guzmán Brito. 
500 |a Terminología relativa a la archivística, bibliofila, bibliografía, bibliología, bibliotecología, biblioteconomía, codicología, documentología, cdótica, epigrafía, hermenéutica, incunabulogía, informática, lexicografía, paleografía, papirología, tipografía, etc. 
583 |c 20220315  |k Cristina María Rojas Aguilar 
650 |a Bibliología   |x Diccionarios   |9 870657 
650 |a Archivística  |x Diccionarios  |9 870658 
650 |a Libros   |x Diccionarios  |9 870659 
942 |2 ddc  |c BK  |n 0 
952 |0 0  |1 0  |2 ddc  |4 0  |6 002_030000000000000_MAR_2004  |7 1  |8 C_AGB  |9 583689  |a BIBDER  |b BIBDER  |d 2022-06-14  |e Donación   |i 5651817  |o 002.03 MAR 2004  |p 5651817  |r 2023-01-25  |t 1  |w 2022-06-14  |y BK_US  |k AGB